| 000 | 00681nam a2200217Ii 4500 | ||
|---|---|---|---|
| 003 | JO-AjNU | ||
| 008 | 230606s9999||||xx |||||||||||||| ||und|| | ||
| 020 | _a978-0-470-37785-7 | ||
| 040 |
_aJO-AjNU _beng _erda _cJO-AjNU |
||
| 041 | _aeng | ||
| 050 | 1 | 4 | _aHF5636.K56 2009 |
| 100 | 3 |
_aKimmel,Paul D / Weygandt,Jerry J / Kieso,Donald E, _eauthor _9427 |
|
| 245 | 0 | 0 | _aAccounting : Tools for Business Decision Making |
| 250 | _a3th ed | ||
| 264 | 3 | 1 | _a Hoboken: John Wiley andSons inc,2009 |
| 300 |
_a1194p _bIncludes appendix indexes |
||
| 336 |
_atext _btxt _2rdacontent |
||
| 337 |
_aunmediated _bn _2rdamedia |
||
| 338 |
_avolume _bnc _2rdacarrier |
||
| 650 | 4 |
_aAccounting _9428 |
|
| 999 |
_aE228 _c228 _d228 |
||